Изменение состава и свойств высоковязкой нефти при воздействии композиций для увеличения нефтеотдачи пласта; Известия Томского политехнического университета [Известия ТПУ]; Т. 317, № 3: Химия
| Parent link: | Известия Томского политехнического университета [Известия ТПУ]/ Томский политехнический университет (ТПУ).— , 2000- Т. 317, № 3: Химия.— 2010.— [С. 122-125] |
|---|---|
| Andre forfattere: | , , , |
| Summary: | Заглавие с титульного листа Электронная версия печатной публикации Изучены изменения состава и свойств промысловых проб высоковязкой высокосмолистой нефти Усинского месторождения (Республика Коми) в результате воздействия на пласт горячим паром, а также нефтевытесняющими композициями. Установлено, что под действием таких композиций в добытой нефти происходит увеличение содержания насыщенных углеводородов, снижение содержания ароматических углеводородов. Показано, что содержание смолисто-асфальтеновых веществ возрастало в первые месяцы после обработки пласта композициями, а затем постепенно снижалось. Комплексное воздействие пара и нефтевытесняющей композиции на пласт приводит к возрастанию в нефти содержания как насыщенных, так и ароматических углеводородов, снижению ее плотности. |
| Sprog: | russisk |
| Udgivet: |
2010
|
| Serier: | Химия |
| Fag: | |
| Online adgang: | http://www.lib.tpu.ru/fulltext/v/Bulletin_TPU/2010/v317/i3/27.pdf |
| Format: | MixedMaterials Electronisk Book Chapter |
| KOHA link: | https://koha.lib.tpu.ru/cgi-bin/koha/opac-detail.pl?biblionumber=192368 |
MARC
| LEADER | 00000nla2a2200000 4500 | ||
|---|---|---|---|
| 001 | 192368 | ||
| 005 | 20231031181308.0 | ||
| 035 | |a (RuTPU)RU\TPU\book\209764 | ||
| 035 | |a RU\TPU\book\209762 | ||
| 090 | |a 192368 | ||
| 100 | |a 20110224d2010 k y0rusy50 ca | ||
| 101 | 0 | |a rus | |
| 102 | |a RU | ||
| 135 | |a drnn ---uucaa | ||
| 181 | 0 | |a i | |
| 182 | 0 | |a b | |
| 200 | 1 | |a Изменение состава и свойств высоковязкой нефти при воздействии композиций для увеличения нефтеотдачи пласта |b Электронный ресурс |f О. В. Серебренникова [и др.] | |
| 203 | |a Текст |c электронный | ||
| 215 | |a 1 файл (63 Кб) | ||
| 225 | 1 | |a Химия | |
| 230 | |a Электронные текстовые данные (1 файл : 63 Кб) | ||
| 300 | |a Заглавие с титульного листа | ||
| 300 | |a Электронная версия печатной публикации | ||
| 320 | |a [Библиогр.: с. 125 (6 назв.)] | ||
| 330 | |a Изучены изменения состава и свойств промысловых проб высоковязкой высокосмолистой нефти Усинского месторождения (Республика Коми) в результате воздействия на пласт горячим паром, а также нефтевытесняющими композициями. Установлено, что под действием таких композиций в добытой нефти происходит увеличение содержания насыщенных углеводородов, снижение содержания ароматических углеводородов. Показано, что содержание смолисто-асфальтеновых веществ возрастало в первые месяцы после обработки пласта композициями, а затем постепенно снижалось. Комплексное воздействие пара и нефтевытесняющей композиции на пласт приводит к возрастанию в нефти содержания как насыщенных, так и ароматических углеводородов, снижению ее плотности. | ||
| 337 | |a Adobe Reader | ||
| 461 | 1 | |0 (RuTPU)RU\TPU\book\176237 |t Известия Томского политехнического университета [Известия ТПУ] |f Томский политехнический университет (ТПУ) |d 2000- | |
| 463 | 1 | |0 (RuTPU)RU\TPU\book\209400 |x 1684-8519 |t Т. 317, № 3: Химия |v [С. 122-125] |d 2010 |p 205 с. | |
| 610 | 1 | |a тяжелые нефти | |
| 610 | 1 | |a высоковязкие нефти | |
| 610 | 1 | |a нефтеотдача | |
| 610 | 1 | |a технологии | |
| 610 | 1 | |a нефтевытесняющие композиции | |
| 610 | 1 | |a насыщенные углеводороды | |
| 610 | 1 | |a ароматические углеводороды | |
| 610 | 1 | |a органические кислоты | |
| 610 | 1 | |a состав | |
| 610 | 1 | |a свойства | |
| 610 | 1 | |a электронный ресурс | |
| 701 | 1 | |a Серебренникова |b О. В. |c российский химик |c профессор Томского политехнического университета, доктор химических наук |f 1942- |g Ольга Викторовна |2 stltpush |3 (RuTPU)RU\TPU\pers\27924 | |
| 701 | 1 | |a Шерстюк |b С. Н. | |
| 701 | 1 | |a Стахина |b Л. Д. | |
| 701 | 1 | |a Кадычагов |b П. Б. | |
| 801 | 1 | |a RU |b 63413507 |c 20090623 |g PSBO | |
| 801 | 2 | |a RU |b 63413507 |c 20211223 |g PSBO | |
| 856 | 4 | |u http://www.lib.tpu.ru/fulltext/v/Bulletin_TPU/2010/v317/i3/27.pdf | |
| 942 | |c CF | ||